[Event "Wch U16"]
[Site "Kemer"]
[Date "2009.11.21"]
[Round "10"]
[White "Tordeur, Jonathan"]
[Black "Bolat, Ahmet"]
[Result "1/2-1/2"]
[WhiteElo "2071"]
[BlackElo "1938"]
[PlyCount "33"]
[EventDate "2009.11.12"]
[EventType "swiss"]
[EventRounds "11"]
[EventCountry "TUR"]
[SourceTitle "EXT 2010"]
[Source "ChessBase"]
[SourceDate "2010.11.25"]
[SourceVersion "1"]
[SourceVersionDate "2010.11.25"]
[SourceQuality "1"]

1. e4 c5 2. Nf3 e6 3. d4 cxd4 4. Nxd4 Nf6 5. Nc3 Bb4 6. Bg5 Bxc3+ 7. bxc3 Qa5 8. Nb5 Nxe4 9. Qd4 0-0 10. Qxe4 a6 11. Be7 axb5 12. Bb4 Qc7 13. Bxb5 d5 14. Qh4 Rd8 15. 0-0 Nc6 16. Bxc6 bxc6 17. Rfe1 1/2-1/2

[Event "Wch U16"]
[Site "Kemer"]
[Date "2009.11.16"]
[Round "7"]
[White "Olander, Aleksi"]
[Black "Tordeur, Jonathan"]
[Result "1/2-1/2"]
[WhiteElo "1902"]
[BlackElo "2071"]
[PlyCount "40"]
[EventDate "2009.11.12"]
[EventType "swiss"]
[EventRounds "11"]
[EventCountry "TUR"]
[SourceTitle "EXT 2010"]
[Source "ChessBase"]
[SourceDate "2010.11.25"]
[SourceVersion "1"]
[SourceVersionDate "2010.11.25"]
[SourceQuality "1"]

1. d4 Nf6 2. c4 e6 3. Nf3 b6 4. g3 Bb7 5. Bg2 Bb4+ 6. Bd2 a5 7. Nc3 Ne4 8. Rc1 Nxc3 9. Bxc3 Bxc3+ 10. Rxc3 0-0 11. 0-0 d6 12. Qc2 f5 13. Re3 Qf6 14. c5 Be4 15. Qc3 dxc5 16. dxc5 Na6 17. cxb6 cxb6 18. Qxf6 gxf6 19. Nd4 e5 20. Bxe4 fxe4 1/2-1/2

[Event "Wch U16"]
[Site "Kemer"]
[Date "2009.11.15"]
[Round "4"]
[White "Tordeur, Jonathan"]
[Black "Suer, Utku"]
[Result "1-0"]
[WhiteElo "2071"]
[BlackElo "1787"]
[PlyCount "60"]
[EventDate "2009.11.12"]
[EventType "swiss"]
[EventRounds "11"]
[EventCountry "TUR"]
[SourceTitle "EXT 2010"]
[Source "ChessBase"]
[SourceDate "2010.11.25"]
[SourceVersion "1"]
[SourceVersionDate "2010.11.25"]
[SourceQuality "1"]

1. e4 e6 2. d4 d5 3. Nc3 dxe4 4. Nxe4 Nd7 5. Nf3 Ngf6 6. Bd3 Be7 7. 0-0 0-0 8. Qe2 h6 9. Ne5 Nxe4 10. Nxd7 Qxd7 11. Qxe4 f5 12. Qe3 Bf6 13. c3 Re8 14. Bc4 Kh8 15. Qh3 Qc6 16. Bb3 Kh7 17. f4 b6 18. Bd2 g6 19. Rae1 Bb7 20. Rf2 Be7 21. Rfe2 Rad8 22. Kh1 a5 23. a3 Qd6 24. Bc1 Ba6 25. Re3 c6 26. Kg1 Bc8 27. g4 fxg4 28. Qxg4 c5 29. Rg3 Rg8 30. Bc2 Rg7 1-0

[Event "Wch U16"]
[Site "Kemer"]
[Date "2009.11.13"]
[Round "2"]
[White "Tordeur, Jonathan"]
[Black "Kachiev, Eldar"]
[Result "0-1"]
[WhiteElo "2071"]
[BlackElo "2065"]
[PlyCount "66"]
[EventDate "2009.11.12"]
[EventType "swiss"]
[EventRounds "11"]
[EventCountry "TUR"]
[SourceTitle "EXT 2010"]
[Source "ChessBase"]
[SourceDate "2010.11.25"]
[SourceVersion "1"]
[SourceVersionDate "2010.11.25"]
[SourceQuality "1"]

1. e4 c5 2. Nf3 d6 3. d4 cxd4 4. Nxd4 Nf6 5. Nc3 a6 6. Be3 e6 7. g4 Qc7 8. g5 Nfd7 9. Qd2 b5 10. a3 Bb7 11. Rg1 Nc6 12. Be2 Nc5 13. f3 Be7 14. Nxc6 Bxc6 15. Bd4 Bf8 16. h4 0-0-0 17. b4 e5 18. Be3 Ne6 19. a4 d5 20. Nxd5 Bxd5 21. exd5 Nd4 22. Bxd4 Rxd5 23. Rg4 exd4 24. Rxd4 Qg3+ 25. Kf1 Qh3+ 26. Kf2 Qh2+ 27. Ke3 Bc5 28. bxc5 Re8+ 29. Re4 Rxe4+ 30. fxe4 Qg3+ 31. Bf3 Rxd2 32. Kxd2 Qxf3 33. axb5 axb5 0-1

[Event "Wch U16"]
[Site "Kemer"]
[Date "2009.11.12"]
[Round "1"]
[White "Priyadharshan, Kannappan"]
[Black "Tordeur, Jonathan"]
[Result "1-0"]
[WhiteElo "2343"]
[BlackElo "2071"]
[PlyCount "83"]
[EventDate "2009.11.12"]
[EventType "swiss"]
[EventRounds "11"]
[EventCountry "TUR"]
[SourceTitle "EXT 2010"]
[Source "ChessBase"]
[SourceDate "2010.11.25"]
[SourceVersion "1"]
[SourceVersionDate "2010.11.25"]
[SourceQuality "1"]

1. Nf3 Nf6 2. e3 e6 3. b3 b6 4. Bb2 Bb7 5. d4 Be7 6. Bd3 0-0 7. 0-0 d5 8. Ne5 Ne8 9. Nd2 f6 10. Qh5 f5 11. Qe2 Nd7 12. c4 Nef6 13. Rfd1 Ne4 14. Nf1 Nxe5 15. dxe5 Qe8 16. Rac1 Nc5 17. Bb1 dxc4 18. Qxc4 Qg6 19. Ng3 a5 20. a3 h5 21. b4 axb4 22. axb4 Na4 23. Qxc7 Nxb2 24. Qxe7 Nxd1 25. Qxb7 Rfb8 26. Qf3 Nb2 27. Nxh5 Rc8 28. Rf1 Nc4 29. Nf4 Qf7 30. Qe2 Nxe5 31. Ba2 Re8 32. Bb3 g5 33. Nh3 Qf6 34. Qb5 Reb8 35. Nxg5 Re8 36. Nh3 Re7 37. Qxb6 Kf7 38. Bxe6+ Rxe6 39. Qb7+ Re7 40. Qxa8 Qh4 41. Qd5+ Re6 42. Nf4 1-0

[Event "SUI-ch"]
[Site "Graechen"]
[Date "2009.07.14"]
[Round "6"]
[White "Gaehler, Marco"]
[Black "Tordeur, Jonathan"]
[Result "1-0"]
[WhiteElo "2247"]
[BlackElo "2065"]
[PlyCount "35"]
[EventDate "2009.07.09"]
[EventType "swiss"]
[EventRounds "9"]
[EventCountry "SUI"]
[SourceTitle "CBM 131 Extra"]
[Source "ChessBase"]
[SourceDate "2009.09.03"]
[SourceVersion "2"]
[SourceVersionDate "2009.09.16"]
[SourceQuality "1"]

1. e4 c5 2. Nc3 Nc6 3. Bb5 Nd4 4. Ba4 a6 5. Bb3 g6 6. Nf3 Bg7 7. Nxd4 cxd4 8. Qf3 e6 9. Ne2 Ne7 10. d3 0-0 11. h4 h5 12. g4 hxg4 13. Qxg4 Nc6 14. h5 gxh5 15. Rxh5 Qf6 16. Bg5 Qg6 17. Nf4 f5 18. Nxg6 1-0

[Event "EU-ch U16 18th"]
[Site "Herceg Novi"]
[Date "2008.09.15"]
[Round "1"]
[White "Pavlidis, Antonios"]
[Black "Tordeur, Jonathan"]
[Result "1-0"]
[WhiteElo "2266"]
[BlackElo "1993"]
[PlyCount "55"]
[EventDate "2008.09.15"]
[EventType "swiss"]
[EventRounds "9"]
[EventCountry "MNE"]
[SourceTitle "CBM 126 Extra"]
[Source "ChessBase"]
[SourceDate "2008.11.05"]
[SourceVersion "1"]
[SourceVersionDate "2008.11.05"]
[SourceQuality "1"]

1. e4 c5 2. Nf3 d6 3. d4 cxd4 4. Nxd4 Nf6 5. Nc3 a6 6. Be3 e5 7. Nb3 Be6 8. f4 Ng4 9. Bd2 Qb6 10. Qe2 exf4 11. Bxf4 Nd7 12. Nd5 Bxd5 13. exd5+ Nge5 14. 0-0-0 g6 15. g4 Bg7 16. h4 h5 17. gxh5 Rxh5 18. Bh3 0-0-0 19. Kb1 Kb8 20. Rd4 Nc5 21. Be3 Qc7 22. Rb4 Rhh8 23. Nxc5 dxc5 24. Qxa6 f5 25. Bxc5 Rxd5 26. Bg2 Nc6 27. Bxd5 Nxb4 28. Qa7+ 1-0

[Event "Wch U14"]
[Site "Kemer"]
[Date "2007.11.22"]
[Round "6"]
[White "Tordeur, Jonathan"]
[Black "Bures, Jaroslav"]
[Result "0-1"]
[WhiteElo "1988"]
[BlackElo "2156"]
[PlyCount "90"]
[EventDate "2007.11.18"]
[EventType "swiss"]
[EventRounds "11"]
[EventCountry "TUR"]
[SourceTitle "CBM 121 Extra"]
[Source "ChessBase"]
[SourceDate "2008.01.10"]
[SourceVersion "1"]
[SourceVersionDate "2008.01.10"]
[SourceQuality "1"]

1. e4 c6 2. d4 d5 3. exd5 cxd5 4. Bd3 Nc6 5. c3 Nf6 6. Bf4 g6 7. Nd2 Bg4 8. Qb3 Qc8 9. Ngf3 Bg7 10. 0-0 Bxf3 11. Nxf3 0-0 12. Rfe1 e6 13. Rac1 Rd8 14. Bg3 Rd7 15. Ne5 Nxe5 16. Bxe5 a6 17. a4 Qd8 18. Ra1 Qa5 19. Qd1 Rc8 20. Bxf6 Bxf6 21. f4 Qb6 22. Qd2 Rdc7 23. Qf2 Qc6 24. Qe2 Rb8 25. a5 Qd6 26. g3 Rc6 27. Ra2 Kg7 28. Rf1 Qd8 29. Re1 Be7 30. Kg2 Bd6 31. Rea1 Qf6 32. Rf1 Rg8 33. Qg4 Qd8 34. Qg5 f6 35. Qg4 f5 36. Qe2 Bc7 37. Rfa1 g5 38. fxg5 Qxg5 39. Kh1 Kh8 40. Rf1 Qh6 41. Bc2 Rxg3 42. Raa1 Re3 43. Qg2 Bxh2 44. Rf3 Bb8+ 45. Kg1 Rxf3 0-1

[Event "SUI-ch U14"]
[Site "Winterthur"]
[Date "2007.10.06"]
[Round "2"]
[White "Tordeur, Jonathan"]
[Black "Grandadam, Nicolas"]
[Result "1/2-1/2"]
[WhiteElo "2037"]
[BlackElo "2048"]
[PlyCount "113"]
[EventDate "2007.10.05"]
[EventType "swiss"]
[EventRounds "7"]
[EventCountry "SUI"]
[SourceTitle "EXT 2009"]
[Source "ChessBase"]
[SourceDate "2008.11.26"]
[SourceVersion "1"]
[SourceVersionDate "2008.11.26"]
[SourceQuality "1"]

1. e4 c5 2. Nf3 d6 3. d4 cxd4 4. Nxd4 Nf6 5. Nc3 a6 6. Be3 e6 7. f3 b5 8. Qd2 Nbd7 9. 0-0-0 Bb7 10. g4 h6 11. a3 d5 12. exd5 Nxd5 13. Nxd5 Bxd5 14. Be2 Rb8 15. Rhf1 Nc5 16. Kb1 Na4 17. c3 Qa5 18. Nb3 Nxc3+ 19. bxc3 Qxa3 20. Nc1 Be7 21. Qb2 Qa4 22. Qa1 Ba3 23. Rd4 Bc4 24. Bd1 Qa5 25. Nb3 Qc7 26. Bf4 e5 27. Bxe5 Qxe5 28. Re1 Qxe1 29. Re4+ Qxe4+ 30. fxe4 Be7 31. Nd4 0-0 32. Nc6 Rb7 33. Qxa6 Rd7 34. Nxe7+ Rxe7 35. Bc2 Rc7 36. Qd6 Ra7 37. Bd3 Rfa8 38. Kc1 Be6 39. Bxb5 Ra2 40. Bc6 R8a3 41. Bd5 Ra1+ 42. Kb2 Bxd5 43. Qxd5 Ra8 44. Qb3 Re1 45. Qb7 Re8 46. c4 R1xe4 47. c5 R4e7 48. Qc6 Re6 49. Qd7 Kf8 50. c6 R6e7 51. Qd6 Rc8 52. c7 Ke8 53. Qc6+ Rd7 54. h4 Rcxc7 55. Qe4+ Re7 56. Qa8+ Kd7 57. Qd5+ 1/2-1/2